10 najludnieszych miast w Panamie - Statystyki

Ogólne statystyki
  • Ten quiz został rozwiązany 3 razy
  • Średni wynik to 3 z 10
Statystyki odpowiedzi
Liczba ludności Miasto % Poprawnych
408 168 Panama
100%
76 643 Colón
67%
81 957 David
67%
61 232 La Chorrera
33%
76 815 Arraiján
0%
100 636 Juan Díaz
0%
69 102 Las Cumbres
0%
51 641 Pedregal
0%
321 501 San Miguelito
0%
50 844 Tocumen
0%
Nie znaleziono quizów pasujących do podanych kryteriów
Rozkład punktacji
Procent ludzi z każdym wynikiem
Percentyl według liczby udzielonych odpowiedzi
Twoja historia wyników
Nie rozwiązałeś tego quizu